000 00706cam a22002174a 4500
020 _a9780896291751 (pbk.)
020 _a0896291758 (pbk.)
040 _cDLC
082 0 0 _a334 INT 2010 C140 Or.
245 0 0 _aCooperatives for staple crop marketing :
_bevidence from Ethiopia /
260 _aWashington, D.C. :
_bInternational Food Policy Research Institute,
_cc2010.
300 _axvi, 86 p. :
_bill. ;
_c23 cm.
490 1 _aIFPRI research monograph ;
650 0 _aCooperative marketing of farm produce
650 0 _aMarketing cooperatives
650 0 _aFarms, Small
650 0 _aGrain
700 1 _aBernard, Tanguy.
710 2 _aInternational Food Policy Research Institute.
942 _cAEDBB
999 _c19210
_d19210